1547 1624 1368 1947 1394 1058 1609 1182 1045 1665 1875 1474 1805 1047 1172 1348 1065 1931 1676 1401 1337 1498 1910 1903 1769 1074 1839 1893 1024 1019 1726 1916 1339 1226 1724 1085 1087 1006 1262 1952 1477 1675 1575 1961 1507 1796 1347 1024 1558 1701 1879 1341 1369 1962 1256 1663 1939 1049 1905 1112 1990 1645 1620 1023 1921 1459 1510 1765 1147 1510 1639 1137 1511 1090 1196 1828 1111 1523 1143 1910 1270 1863 1168 1660 1353 1720 1343 1569 1044 1269 1862 1427 1569 1706 1497 1776 1985 1548 1266 BCNSPRNW ULIB Ver.6.0+V

เปลี่ยนเป็นภาษาไทย

Change to English
 แสดงรายละเอียดบรรณานุกรม
  กลับหน้าหลัก

Brief Record : Get Marc (ISO 2709) : E-mail record : QR code < ปิดหน้าต่าง
LEADER : 00000nam 2200000uu 4500
001    13399127396
003     ULIB
008    200519s2018||||th 000 0 tha d
020    ^a9781506258805
020    ^a9781506258829^c1,570 (set)
050 04 ^aPE1128^bL633B
100 1  ^aLougheed, Lin
245 10 ^aBarron s TOEIC :^btest of English for international communication /^cLin Lougheed
246 30 ^aTOEIC : test of English for international communication
250    ^a8th ed.
260    ^aNew York :^bBarron s,^c2018
300    ^ax, 558 p. :^bill ;^c28 cm.
490 0  ^aBarron s the leader in test preparation
490 0  ^aTOEIC superpack
650  0 ^aTest of English for international communication^xStudy guides
650  0 ^aEnglish language^xTextbooks for foreign speakers.
650  0 ^aEnglish language^xExaminations^xStudy guides.
945    ^p444^l0^i007067
999    ^aประนอม เกษจรัล
รายการนี้ยังไม่มีแท็ก
คุณยังไม่ได้ล็อกอิน คุณสามารถมีกิจกรรมร่วมกับเว็บไซต์ได้ แต่ต้องล็อกอินก่อน ::
  ล็อกอิน

รายการสื่อสารสนเทศ

ลำดับที่ ประเภท เลขเรียก/บาร์โค้ด สถานที่ สถานะ
1. การศึกษาทั่วไป
หนังสือสำรอง
สถานะ=หนังสือสำรอง
PE1128 L633B ฉ.1 
  Barcode: 007067
ห้องสมุดวิทยาเขตสวรรค์ประชารักษ์
►หนังสือทั่วไป
บนชั้น

รายการใกล้เคียง
    ผู้แต่ง [Lougheed, Lin]

BibComment


ยังไม่เคยถูกคอมเมนท์

คอมเมนท์ทรัพยากรรายการนี้
  คอมเมนท์: Barron s TOEIC ..


 Copyright 2026. Bcnsprnw @Library